Villes du monde - A à Z - Statistiques

Statistiques générales
  • Ce quiz a été pris 267 fois
  • Le résultat moyen est 14 sur 26
Statistiques - réponses
Indice Lettre Ville % Correct
Capitale du Maroc. R Rabat
93%
Ville japonaise où a eu lieu un accident nucléaire en 2011. F Fukushima
91%
Capitale de la Lituanie. V Vilnius
89%
Capitale de la Mongolie. O Oulan-Bator
86%
Épicentre de l'épidémie de COVID-19. W Wuhan
80%
Ville natale de Jésus Christ. B Bethléem
79%
Seule capitale de pays commençant par la lettre Q. Q Quito
76%
Ville natale de Pablo Escobar où celui-ci a dirigé le cartel du même nom. M Medellin
69%
Ville américaine, hôte de l'équipe de NBA des Pacers. I Indianapolis
66%
On peut y assister au fameux Old Firm, à l'Ibrox Stadium ou au Celtic Park. G Glasgow
65%
Ville andalouse réputée pour son vin et son vinaigre. X Xérès
65%
Ville des Pays-Bas dont le club de football a remporté la Coupe d'Europe en 1988. E Eindhoven
59%
Plus grande ville de Crète. H Heraklion
58%
Ville la plus au sud du monde. U Ushuaïa
51%
Ville où se trouve le Taj Mahal. A Agra
48%
Ville natale de Drake. T Toronto
47%
On y trouve un éléphant articulé de 48 tonnes. N Nantes
44%
Ville britannique d'où est partie le Mayflower en 1620. P Plymouth
41%
Ville la plus peuplée de South Island en Nouvelle-Zélande. C Christchurch
38%
Dans le Delaware, ou bien dans le Sud-Est de l'Angleterre D Dover
32%
Ville d'Afrique du Sud où les joueurs de l'Équipe de France ont fait grève pendant la Coupe du Monde 2010. K Knysna
28%
Plus grande ville du Myanmar, communément écrite avec un R. Y Yangon
28%
Ville hôte de la Coupe d'Afrique des Nations 2017. L Libreville
24%
Ville hôte des Jeux Olympiques d'hiver de 1928 et 1948. S Saint Moritz
14%
Ville de Malaisie, séparée de Singapour par un détroit. J Johor Bahru
6%
Ville du Mexique où Andy Dufresne (Tim Robbins) veut partir après sa sortie de prison dans le film Les Évadés (The Shawshank Redemption, 1994). Z Zihuatanejo
1%
Aucun quiz correspondant
Distribution des résultats
% des personnes avec chaque résultat
Percentile par nombre de réponses
Votre historique - résultats
Vous n’avez pas pris ce quiz